[Event "Hamburg-ch A-Klasse"]
[Site "Hamburg"]
[Date "2013.05.22"]
[Round "5"]
[White "Kock, Rudolf"]
[Black "Haugwitz, Laura"]
[Result "1/2-1/2"]
[WhiteElo "1673"]
[BlackElo "1201"]
[PlyCount "226"]
[EventDate "2013.05.18"]
[EventType "swiss"]
[EventRounds "9"]
[EventCountry "GER"]
[SourceTitle "EXT 2022"]
[Source "ChessBase"]
[SourceDate "2021.10.06"]
[SourceVersion "1"]
[SourceVersionDate "2021.10.06"]
[SourceQuality "1"]

1. e4 e5 2. Nf3 Nc6 3. Bb5 Nf6 4. d3 d6 5. Bg5 Be7 6. h3 Be6 7. Nc3 a6 8. Bxc6+ bxc6 9. a3 Nd7 10. Be3 d5 11. Ne2 a5 12. Ng3 Bh4 13. Nxh4 Qxh4 14. Qh5 Qxh5 15. Nxh5 0-0 16. g4 f6 17. Ng3 a4 18. f3 Rab8 19. Bc1 d4 20. Nf5 Kf7 21. Rh2 c5 22. c4 Nb6 23. Rc2 Nc8 24. Bd2 Rb7 25. Ke2 Nd6 26. Ng3 Rfb8 27. Rb1 h6 28. Nf1 Rh8 29. Ng3 Ke7 30. Nf5+ Kf7 31. Rg1 g5 32. Ng3 Ke7 33. Bc1 Bf7 34. Rh1 Rbb8 35. h4 Bg6 36. h5 Bf7 37. Re1 Be6 38. Bd2 Nf7 39. Rb1 Rb7 40. Kf2 Rb3 41. Ke2 Rhb8 42. Ba5 Kd7 43. Ra1 Ra8 44. Bd2 Rab8 45. Bc1 R3b6 46. Nf1 Rf8 47. Nd2 Rfb8 48. Rb1 R8b7 49. b3 Kd6 50. Rcb2 Bd7 51. b4 cxb4 52. Rxb4 Rxb4 53. Rxb4 Rxb4 54. axb4 Nd8 55. Ba3 Nb7 56. Nb1 Be8 57. c5+ Kc6 58. Bc1 Kb5 59. Bd2 Nd8 60. Na3+ Ka6 61. Kd1 Bb5 62. Kc2 c6 63. Nb1 Ka7 64. Bc1 Kb7 65. Nd2 Kc7 66. Nf1 Ne6 67. Ng3 Ng7 68. Ba3 Kd7 69. Ne2 Ne6 70. Bc1 Ke7 71. Ng1 Kd7 72. Ne2 Ke7 73. Bb2 Kd7 74. Ng3 Ng7 75. Bc1 Ke7 76. Nf1 Kd7 77. Nd2 Kc7 78. Nc4 Ne8 79. Bxg5 fxg5 80. Nxe5 Nf6 81. Nf7 Kd7 82. Nxh6 Ke6 83. Nf5 Ke5 84. Ng3 Kf4 85. Ne2+ Kxf3 86. e5 Nxg4 87. e6 Nf6 88. Nxd4+ Kf4 89. e7 a3 90. Nxb5 Kf5 91. Nd6+ Ke6 92. h6 Kxe7 93. Nc4 g4 94. Ne3 Kf7 95. Nf5 Kg6 96. h7 Nxh7 97. Ne7+ Kf6 98. Nxc6 g3 99. Nd4 g2 100. Nf3 Ng5 101. Ng1 Ke6 102. Kb3 a2 103. Kxa2 Kd5 104. Kb3 Ne6 105. Kc3 Nd4 106. Nh3 Nb5+ 107. Kd2 Kd4 108. Ng1 Kd5 109. Ke3 Nc3 110. Nf3 Na2 111. Kf2 Nxb4 112. d4 Nd3+ 113. Kxg2 Nxc5 1/2-1/2

[Event "Hamburg-ch A-Klasse"]
[Site "Hamburg"]
[Date "2013.05.19"]
[Round "3"]
[White "Haugwitz, Laura"]
[Black "Kazemi Sresht, Rahim"]
[Result "1-0"]
[WhiteElo "1201"]
[BlackElo "1505"]
[PlyCount "101"]
[EventDate "2013.05.18"]
[EventType "swiss"]
[EventRounds "9"]
[EventCountry "GER"]
[SourceTitle "EXT 2022"]
[Source "ChessBase"]
[SourceDate "2021.10.06"]
[SourceVersion "1"]
[SourceVersionDate "2021.10.06"]
[SourceQuality "1"]

1. d4 d5 2. Nf3 Nf6 3. g3 g6 4. Bg2 Bg7 5. 0-0 0-0 6. Bf4 Nc6 7. Nbd2 Bf5 8. c3 Nh5 9. Nh4 Bc8 10. Be3 e5 11. dxe5 Nxe5 12. Bd4 c6 13. Qc2 Re8 14. Rad1 Qe7 15. Rfe1 Be6 16. e4 dxe4 17. Qxe4 Bd5 18. Qe3 Bxg2 19. Nxg2 Qc7 20. Qe2 c5 21. Be3 c4 22. Nf4 Nxf4 23. Bxf4 Qc6 24. Bxe5 b5 25. Qf3 Qa6 26. Bxg7 Kxg7 27. a3 Qb6 28. Ne4 Rad8 29. Rxd8 Qxd8 30. Kf1 Qd5 31. Re3 f5 32. Ng5 Qxf3 33. Nxf3 Rf8 34. Re7+ Rf7 35. Rxf7+ Kxf7 36. Ke2 h6 37. Ke3 Ke6 38. Nd4+ Ke5 39. Nxb5 a6 40. f4+ Kf6 41. Nd6 g5 42. fxg5+ hxg5 43. Nxc4 Ke6 44. Kd4 Kf6 45. Nd2 Ke6 46. h3 Kd6 47. Nf3 f4 48. gxf4 gxf4 49. h4 Ke6 50. c4 Kf5 51. Nh2 1-0

[Event "Hamburg-ch A-Klasse"]
[Site "Hamburg"]
[Date "2013.05.18"]
[Round "1"]
[White "Haugwitz, Steffen"]
[Black "Haugwitz, Laura"]
[Result "1-0"]
[WhiteElo "1668"]
[BlackElo "1201"]
[PlyCount "37"]
[EventDate "2013.05.18"]
[EventType "swiss"]
[EventRounds "9"]
[EventCountry "GER"]
[SourceTitle "EXT 2022"]
[Source "ChessBase"]
[SourceDate "2021.10.06"]
[SourceVersion "1"]
[SourceVersionDate "2021.10.06"]
[SourceQuality "1"]

1. e4 e5 2. Nf3 Nc6 3. Bc4 Nf6 4. d3 Bc5 5. c3 d5 6. exd5 Nxd5 7. b4 Bb6 8. Bxd5 Qxd5 9. c4 Qd6 10. c5 Bxc5 11. bxc5 Qxc5 12. Ba3 Nb4 13. 0-0 Be6 14. Qa4+ Bd7 15. Qxb4 Qxb4 16. Bxb4 0-0-0 17. Nxe5 Be6 18. Re1 Rd5 19. Nc3 1-0